| 000 | 00789nam a2200253 a 4500 | ||
|---|---|---|---|
| 001 | 54705 | ||
| 003 | BD-RjUL | ||
| 005 | 20211209080147.0 | ||
| 008 | 161109r19671962enk 000 0 eng | ||
| 035 | _a(BD-RjUL)54827 | ||
| 040 |
_aDLC _cDLC _dm.c _dEQO _dBD-RjUL _beng |
||
| 041 | 1 | _aeng | |
| 082 |
_223 _a832 _bBRG 1967 |
||
| 100 | 1 |
_aBrecht, Bertolt, _d1898-1956. _9163121 |
|
| 245 | 1 | 4 |
_aThe good person of Szechwan / _cBertolt Brecht ;Translated by John Willett. |
| 260 |
_aLondon : _bMethuen, _c c1962 [reprinted 1967]. |
||
| 300 |
_a109 p. : _bill. (on cover) ; _c21 cm. |
||
| 490 | _aMethuen modern plays. | ||
| 650 |
_aGerman Drama _9144862 |
||
| 700 |
_aWillett, John _9163122 |
||
| 830 | 0 |
_aMethuen modern plays. _9163123 |
|
| 942 |
_2ddc _cBK |
||
| 999 |
_c54705 _d54705 |
||